01438cam a2200253 a 450000100100000000500170001000800410002702000150006804000300008308200160011324501220012926001050025130000210035649000390037750400420041650504800045860000400093865100370097860000350101570000260105070000230107670000420109983000430114100000713620251105110124.0000425s1999 mx b f000 0 spa d a9686384375 aDO-SdBNPcDLCdDLCdBNPHU a923.9bH91900aDe Colón a Humboldt /cLeopoldo Zea, Mario Magallón, compiladores : introducción de Charles Minguet y Humboldt. aMéxico :bInstituto Panamericano de Geografía e Historia ;bFondo de Cultura Económica,c1999. a133 p. ;c21 cm.1 aLatinoamérica fin de mileniov11 aIncluye referencias bibliográficas.0 aColón y Vespucio en la visión geohistórica de Alejandro de Humboldt / Charles Minguet -- Colón y el tercer viaje en la obra de Paolo Emilio Taviani (y sobre los nombres de Venezuela y America) / Alberto Filippi -- El paraíso : de Colón a Humboldt / Leopoldo Zea -- Cristóbal Colón y el Islam / Hernán G.H. Taboada -- Tres fines de siglo : colonialismo/poscolonialismo/posmodernidad. Espacios culturales entre lo homogéneo y lo heterogéneo / Ottmar Ette.14aHUMBOLDT, ALEXANDER VON,d1769-1859 0aAmérica LatinaxCivilización 0aCOLÓN, CRISTOBAL,d1436-14561 aZea, Leopoldo,d1912-1 aMagallón, Mario.1 aMinguet, Charles,d1799-1804eintrod. 0aLatinoamérica fin de mílenio ;v11